Statistiques concernant Culture Générale - Série 1236

Cliquez ici pour prendre le quiz!

Statistiques générales

  • Ce quiz a été pris 60 fois
  • Le résultat moyen est 7 sur 10

Statistiques - réponses

QuestionRéponse% Correct
Quel est le mâle reproducteur de la vache ?taureau
100%
Aux États-Unis, les gorges d'Arizona, creusées par le fleuve Colorado forment le "Grand...Canyon
100%
Dans quelle ville européenne peut-on admirer la fontaine de Neptune de la "piazza Navona" ?Rome
96%
L'indicatif radio d'un avion de l'US Air Force, qui transporte le président des États-Unis, est "Air Force...One
86%
Dans quel sport Louison Bobet s'est-il illustré dans les années 1950 ?cyclisme
82%
En 1990, quelle danse Thierry Hazard chante-t-il "sur de la musique pop" ?jerk
75%
Dans le dessin animé "Le Roi Lion", quel nom porte le petit compagnon inséparable de Pumbaa ?Timon
55%
Quel maître de l'horreur est l'auteur de la nouvelle qui a inspiré le film "Fenêtre secrète" ?Stephen King
46%
En 1909, quelles exploitations agricoles communautaires d'Israël reposaient sur la propriété collective des moyens de production ?kibboutz
36%
Quel corps solide, se rapprochant de l'arsenic, a pour symbole chimique “Sb” ?antimoine
18%

Distribution des résultats

Percentile par nombre de réponses

% des personnes avec chaque résultat

Votre développement - résultats

Vous n’avez pas pris ce quiz